Into orbit /

Kaydedildi:
Detaylı Bibliyografya
Diğer Yazarlar: Glenn, John, 1921-
Materyal Türü: Kitap
Dil:English
Baskı/Yayın Bilgisi: London : Cassell, 1962.
Konular:
LEADER 00864nam a2200241 a 4500
001 c000018515
003 CARM
005 00000000000000.0
008 910110s1962 enkaf 00100 eng d
019 1 |a 7685686  |z 25024017  |z 27834513  |5 LACONCORD2021 
035 |a (OCoLC)4050960  |5 LACONCORD2021 
040 |a NQB  |c NQB 
245 0 0 |a Into orbit /  |c John Glenn ... [et al.] 
260 |a London :  |b Cassell,  |c 1962. 
300 |a xxii, 251 p., [20] p. of plates :  |b ill. 
500 |a Includes index. 
650 0 |a Outer space  |x Exploration. 
650 0 |a Interplanetary voyages. 
700 1 |a Glenn, John,  |d 1921- 
852 8 |b CARM  |h A2:AI34A0  |i B04410  |p 0199445  |f BK 
082 0 4 |a 629.14  |2 19 
999 f f |i 71d9a106-5fca-54ff-91a3-097cda2cc6af  |s dc6058e2-d76f-5c78-b9e0-c0badcea05b1 
952 f f |p Can circulate  |a CAVAL  |b CAVAL  |c CAVAL  |d CARM 1 Store  |e B04410  |f A2:AI34A0  |h Other scheme  |i book  |m 0199445